000 00301nam a22001337a 4500
008 260420b ||||| |||| 00| 0 eng d
020 _a9789951623049
041 _aShqip
080 _a0.892
100 _a32
101 _ajuridik
245 _aE drejta Biznesore
_cArmand Krasniqi
942 _2udc
_cBK
999 _c60984
_d60984